Романсы (Запис номер 353904)
[ съкратено ]
| 000 -Лидер | |
|---|---|
| Контролно поле с фиксирана дължина | ncm a22 a 4500 |
| 003 - Код на организацията, давaща контролен номер | |
| Контролно поле | BLK |
| 005 - Дата и час на последна редакция | |
| Контролно поле | 20201007040718.0 |
| 008 - Елементи от данни с фиксирана дължина | |
| fixed length control field | 200413b bu ||||| |||| 00| 0 bu d |
| 040 ## - Източник на каталожния запис | |
| Идентификатор на билиотеката - собственик на записа | BLK |
| 041 ## - Код за език | |
| Код за езика на текст/звукозапис или на отделно заглавие | Руски |
| Код за езика КДБФ | Руски |
| 080 ## - УДК | |
| Текстов определител УДК | Камерна вок. муз. Песни, балади, арии, романси |
| УДК код - определител по УДК | 784.3 |
| УДК - код + определител | 784.3 |
| 100 ## - Редна дума - Автор | |
| Автор | Шосон, Ернест |
| Авторска отговорност | първи автор |
| R(LIN) | 1299 |
| 139 ## - Редно поле | |
| Редна дума | Шосон, Ернест |
| Авторски знак | Шос - Ш 86 |
| 245 ## - Сведения за заглавието | |
| Заглавие | Романсы |
| Подзаглавни данни | Для голоса и фортепиано |
| Редно поле (дума) | Эрнест Шоссон; Состав. А. Ерохин |
| 257 ## - Страна на издаване | |
| Страна на създаване/издаване | Русия |
| 260 ## - Област на издателските данни | |
| 9 (RLIN) | 402764 |
| Място на издаване, разпространение и проч. | Москва |
| Име на издателя, разпространителя и проч. | Музыка |
| Година на издаване | 1969 |
| 300 ## - Физическа характеристика | |
| Страници | 66 с. |
| Размери/Мащаб | 29 см |
| 380 ## - Жанр | |
| Жанр | Изкуство |
| 501 ## - Забележка „подвързано към” | |
| Забележка: Подвързано към... | Съдържа:<br/>Романсы на слова Л. де Лиля<br/>Нанни: (Из цикла "Античные стихотворения" Л. де Лиля)<br/>Колибри<br/>Романсы на слова Т. Готье<br/>Бабочки<br/>Последний лист<br/>Романсы на слова М. Бушо<br/>Ноктюрн<br/>время сирени<br/>Песня любви: (По Шекспиру "Мера за меру")<br/>Песня Офелии: (По Шекспиру "Гамлет")<br/>Очарование<br/>Слова А. Сильвестра из цикла "Песня часов"<br/>Итальянская серенада<br/>Слова П. Бурже<br/>Геба: Греч. песня во фригийском стиле<br/>Слова Л. Аккермана<br/>Покой<br/>Слова П. Верлена<br/>Серенада<br/>Слова Ж. Лагора<br/>Признание<br/>Слова В. де Лиль-Адана<br/>Время<br/>Слова К. Моклер |
| 650 #0 - Допълнително описание по предмет – тема | |
| 9 (RLIN) | 403472 |
| Основно описание – тема или топоним | Романси, вокални |
| 653 #7 - Ключова дума – ненормативна | |
| 9 (RLIN) | 195718 |
| Ключова дума | романси |
| 653 #7 - Ключова дума – ненормативна | |
| 9 (RLIN) | 188624 |
| Ключова дума | клавирен съпровод |
| 700 ## - Други автори (авторска отговорност) | |
| 9 (RLIN) | 1412 |
| Лично име | Ерохин, Александр. |
| Автороска отговорност (Описва отношението между автора и произведението) | состав. |
| 852 ## - Местоположение | |
| Форматна сигнатура | Цб М ІІ 5635 |
| Фондова буква | Отдел Изкуство - подръчен фонд |
| 999 ## - СИСТЕМНИ КОНТРОЛНИ НОМЕРА | |
| Koha biblionumber | 353904 |
| Koha biblioitemnumber | 353904 |
| 942 ## - АРТИКУЛИ | |
| Вид на библиотечния материал | Нотни издания |
| Скрит в OPAC | Не |
| Периодичен библиозапис | Да |
| 944 ## - СЪЗДАВАНЕ И РЕДАКЦИЯ на ЗАПИСА | |
| Дата на регистрацията/редакция | 2020-04-13 |
| Служител, извършил регистрацията/редакцията | Валентина Караджова |
| 999 ## - СИСТЕМНИ КОНТРОЛНИ НОМЕРА | |
| Koha biblioitemnumber | 353904 |
| Код за отписване | Код за изгубен артикул | Източник на класификационната схема | Код за повреда | Коз за рестрикции | Код за отдаване | Артикулен № | Име на библиотеката - собственик | Име на библиотеката, в която се намира в момента | Статус (Текущо местоположение) | Дата на вписване в системата | Местоположение - отдел | Цена в лева | Инвентарен номер | Систематично азбучна сигнатура | Баркод | Цена в евро | Служебен тип на артикула |
|---|---|---|---|---|---|---|---|---|---|---|---|---|---|---|---|---|---|
| Не е изгубен | Universal Decimal Classification | Не е повреден | без рестрикции | заемане за дома | 761504 | Регионална библиотека "Любен Каравелов" Русе | Регионална библиотека "Любен Каравелов" Русе | Отдел Изкуство - подръчен фонд | 2020-04-14 | Отдел Изкуство - подръчен фонд | 0.56 | 64772 | 784/Ш 86 Е | 120000064772 | 0.29 | Нотни издания | |
| Не е изгубен | Universal Decimal Classification | Не е повреден | ползва се в читалня | 769065 | Регионална библиотека "Любен Каравелов" Русе | Регионална библиотека "Любен Каравелов" Русе | Хранилище | 2020-05-12 | Хранилище | 0.56 | 64773 | Цб М ІІ 5635 | 900000009534 | 0.29 | Нотни издания |